000 00665nam a2200181 4500
001 149137
003 ES-MaACL
005 20230906202951.0
007 t|
008 070214s1964 sp r ||||1| spa d
111 2 _aSymposium de Inflamacion.
_91098
245 1 0 _aSymposium [de] Inflamación
_b: libro de actas.
260 _aMadrid :
_b[s. n.],
_c[1964] (
_eBarcelona :
_fLa Polígrafa)
300 _a212 p., 3 lám. col. ;
_c25 cm.
500 _aPrecede al tít.: Instituto de Investigaciones Clínicas y Médicas, Clínica de Nuestra Señora de la Concepción.
710 2 _aClínica de la Concepción (Madrid)
_92850
852 _aES-MaACL
_jC-25244
_bR.54167
999 _c149137
_d149137